000 00500nam a2200205Ia 4500
003 OSt
005 20140314144121.0
008 140130s9999 xx 000 0 und d
020 _a0439355478
050 _aPZ 7
_b.B8157Sc 2002
100 _aBrown, Ken
245 _cBrown, Ken
_aThe Scarecrow's hat /
260 _bScholastic,
_c2002
_aAtlanta, GA :
300 _a1 v. (unpaged) :
_bcol. ill. ;
_c28 cm.
440 _v1
521 _aG2
526 _c490
942 _cBK
_2lcc
999 _c40517
_d40517